000 00457nam a2200181Ia 4500
001 3586
005 20260306145654.0
008 260306t2006||||xx |||||||||||||| ||spa||
041 _aESP
082 _a291.21
_bH11
100 _aHabermas, Jurgen
_eAUT
245 0 _aDialéctica de la secularización:
_bsobre la razón y la religión
260 _c2006
300 _a68 páginas :
_c18 cm.
650 _aGEN
654 _aCHU
942 _cLIB
_dJUS
_fJUS
_2ddc
_n
999 _c3586
_d3586